[Event "Winter Tournament 2016/17 1500-2400"]
[Site "SchemingMind.com"]
[Date "2016.12.13"]
[Round "-"]
[White "Scooter"]
[Black "Supernova"]
[Result "0-1"]
[WhiteCountry "USA"]
[BlackCountry "FRA"]
[WhiteElo "1738"]
[WhiteRD "54"]
[BlackElo "1709"]
[BlackRD "124"]
[GameID "407899"]

1. d4 Nf6 2. Nf3 g6 3. Bf4 d5 4. e3 Bg7 5. Be2 O-O 6. O-O Bf5 7. Nbd2 c6 8. Rc1 Be4 9. Ng5 a5 10. Bf3 Bxf3
11. Ngxf3 h6 12. c4 Ne4 13. cxd5 cxd5 14. Qb3 Nxd2 15. Qxb7 Nxf3+ 16. gxf3 Na6 17. Bc7 Qc8 18. Qxd5 Nxc7
0-1

[Event "Winter Tournament 2016/17 1500-2400"]
[Site "SchemingMind.com"]
[Date "2016.12.13"]
[Round "-"]
[White "Supernova"]
[Black "Scooter"]
[Result "0-1"]
[WhiteCountry "FRA"]
[BlackCountry "USA"]
[WhiteElo "1561"]
[WhiteRD "107"]
[BlackElo "1644"]
[BlackRD "52"]
[GameID "407900"]

1. d4 Nf6 2. c4 g6 3. Nc3 Bg7 4. Nf3 O-O 5. Bd2 d6 6. g3 Re8 7. Bg2 Nc6 8. e3 Bg4 9. O-O e5 10. dxe5 dxe5
11. Qc1 Bxf3 12. Bxf3 e4 13. Bg2 a6 14. b3 Nb4 15. Rd1 Nd3 16. Qb1 c6 17. Bf1 Ng4 18. Bxd3 Qxd3 19. Qxd3 exd3 20. Rac1 Rad8
21. h3 Ne5 22. Kg2 b5 23. cxb5 cxb5 24. f4 Nc6 25. Kf3 Nb4 26. a3 Nc2 27. a4 Bxc3 28. Bxc3 b4 29. Be5 f6 30. Bxf6 Rxe3+
31. Kg4 Rf8 32. Be5 Rxe5 33. fxe5 Ne3+ 34. Kh4 Nxd1 35. Rxd1 Rd8 36. Kg5 Kg7 37. Kf4 Kf7 38. Ke4 Ke6 39. Rxd3 Rxd3 40. Kxd3 Kxe5
41. Kc4 a5 42. Kb5 Kd4 43. Kxa5 Kc3 44. Kb5 Kxb3 45. a5 Kc3 46. a6 b3 47. a7 b2 48. a8=Q b1=Q+ 49. Kc5 Qg1+ 50. Kb5 Qf1+
51. Kb6 Qf2+ 52. Kb5 Qe2+ 53. Kb6= Qe3+ 54. Ka6 Qe6+ 55. Kb7 Qd5+ 56. Ka7 Qxa8+ 57. Kxa8 Kd3 58. Kb7 Ke3 59. Kc6 Kf3 60. Kd6 Kxg3
61. Ke6 Kxh3 62. Kf6 Kh4 63. Kg7 g5 64. Kxh7 g4
0-1

[Event "Winter Tournament 2016/17 1500-2400"]
[Site "SchemingMind.com"]
[Date "2016.12.14"]
[Round "-"]
[White "fanfan_la_Tulipe"]
[Black "Supernova"]
[Result "1-0"]
[WhiteCountry "AUT"]
[BlackCountry "FRA"]
[WhiteElo "2062"]
[WhiteRD "80"]
[BlackElo "1595"]
[BlackRD "110"]
[GameID "407901"]

1. Nf3 g6 2. c4 Bg7 3. d4 Nf6 4. g3 d6 5. Bg2 O-O 6. O-O c5 7. Nc3 a6 8. h3 Be6 9. d5 Bf5 10. Nh4 Bc8
11. a4 e5 12. e4 a5 13. Be3 Na6 14. Kh2 Nb4 15. f4 Bh6 16. Nf3 exf4 17. Bxf4 Bg7 18. Qd2 Qe7 19. Rae1 Rd8 20. e5 dxe5
21. Nxe5 Qf8 22. Nb5 Nd7 23. Nxf7 Qxf7 24. Bc7 Nf6 25. Bxd8 Bd7 26. Nd6 Qf8 27. Be7 Qb8 28. Nxb7 Qxb7 29. Bxf6 Bxf6 30. Rxf6 Qc8
31. Re7 Qd8 32. d6 Rb8 33. Qh6
1-0

[Event "Winter Tournament 2016/17 1500-2400"]
[Site "SchemingMind.com"]
[Date "2016.12.13"]
[Round "-"]
[White "Supernova"]
[Black "fanfan_la_Tulipe"]
[Result "0-1"]
[WhiteCountry "FRA"]
[BlackCountry "AUT"]
[WhiteElo "1561"]
[WhiteRD "107"]
[BlackElo "2049"]
[BlackRD "78"]
[GameID "407902"]

1. c4 e5 2. Nc3 Nf6 3. d3 d5 4. Bg5 dxc4 5. dxc4 Qxd1+ 6. Rxd1 Bb4 7. Bd2 O-O 8. f3 c6 9. e4 Be6 10. b3 Na6
11. Bd3 Rad8 12. Bc2 Nc5 13. Nge2 Nd3+ 14. Bxd3 Rxd3 15. O-O Rfd8 16. Bg5 Be7 17. Rxd3 Rxd3 18. Bxf6 Bxf6 19. Rd1 Rxd1+ 20. Nxd1 Kf8
21. Ndc3 Ke7 22. Kf2 Kd6 23. Na4 b6 24. Ke3 Bd8 25. f4 exf4+ 26. Kxf4 Bf6 27. h3 h6 28. g4 Bg5+ 29. Kf3 Bc8 30. Nb2 b5
31. Kg3 Bf6 32. Nd3 bxc4 33. bxc4 c5 34. e5+ Bxe5+ 35. Nxe5 Kxe5 36. Nf4 Be6 37. Nh5 g6 38. Nf4 Bxc4 39. a3 Ke4 40. h4 Bd3
41. h5 g5 42. Ng2 c4 43. Kf2 c3 44. Ne1 c2 45. Nxc2 Bxc2 46. Kg3 a5 47. Kh3 f5 48. gxf5 Kxf5 49. Kg3 a4
0-1

[Event "Winter Tournament 2016/17 1500-2400"]
[Site "SchemingMind.com"]
[Date "2016.12.14"]
[Round "-"]
[White "fu_manchu"]
[Black "Supernova"]
[Result "1-0"]
[WhiteCountry "CAN"]
[BlackCountry "FRA"]
[WhiteElo "1879"]
[WhiteRD "69"]
[BlackElo "1598"]
[BlackRD "105"]
[GameID "407903"]

1. d4 c5 2. d5 d6 3. e4 Nf6 4. Nc3 e5 5. Nf3 Be7 6. Be2 O-O 7. O-O Nbd7 8. b3 Re8 9. Bb2 a5 10. Qd2 Nf8
11. h3 Ng6 12. Rfe1 Bd7 13. Nb5 Nxe4 14. Qc1 f5 15. Nc3 Nxc3 16. Bxc3 e4 17. Nd2 Bf6 18. Bxf6 Qxf6 19. a4 Ne5 20. f4 exf3
21. Nxf3 Nxf3+ 22. Bxf3 Rxe1+ 23. Qxe1 Qe5 24. Qxe5 dxe5 25. Rd1 e4 26. Be2 Rd8 27. Bc4 Be8 28. d6+ Kf8 29. Be6 g6 30. Bc4 Bf7
31. Bb5 Kg7 32. d7 Kf6 33. Rd6+ Ke7 34. Rb6 Be6 35. Rxb7 Bxd7 36. Ra7 Kd6 37. Rxa5 Bxb5 38. Rxb5 Kc6 39. c4 Rd1+ 40. Kf2 Rd3
41. a5 f4 42. a6 Rd8 43. Rb7 h6 44. Rg7 Rd6 45. a7 Rd8 46. Rxg6+ Kb7 47. a8=B+ Rxa8 48. Rxh6 Ra3 49. Rf6 e3+ 50. Ke2 Rxb3
51. Rxf4 Kc7 52. g4 Kd6 53. g5 Ke5 54. Rf3 Ke4 55. Rg3 Kd4 56. g6 Rb2+ 57. Kf3 e2 58. Rg1 Kd3 59. Kf2 Kd2 60. Re1 Kd3
61. g7 Rb8 62. Rxe2 Kxc4 63. Ke1 Rg8 64. Rg2 Kd5 65. h4 Ke6 66. h5 Kf6 67. h6
1-0

[Event "Winter Tournament 2016/17 1500-2400"]
[Site "SchemingMind.com"]
[Date "2016.12.13"]
[Round "-"]
[White "Supernova"]
[Black "fu_manchu"]
[Result "0-1"]
[WhiteCountry "FRA"]
[BlackCountry "CAN"]
[WhiteElo "1561"]
[WhiteRD "107"]
[BlackElo "1876"]
[BlackRD "69"]
[GameID "407904"]

1. e4 c6 2. d4 d5 3. Nd2 dxe4 4. Nxe4 Bf5 5. Ng3 Bg6 6. h4 h6 7. h5 Bh7 8. Nf3 Nf6 9. Bd3 Bxd3 10. Qxd3 e6
11. O-O Bd6 12. Ne5 O-O 13. Rd1 Qc7 14. Nc4 Bxg3 15. Qxg3 Qxg3 16. fxg3 Nxh5 17. Kf2 Nd7 18. Bf4 Ndf6 19. Re1 Nxf4 20. gxf4 Nd5
21. g3 Nb4 22. Ne3 Rad8 23. a3 Nd5 24. c4 Nxe3 25. Kxe3 f5 26. b4 Rf6 27. Kd3 b6 28. Re5 Rg6 29. Re3 c5 30. bxc5 bxc5
31. d5 exd5 32. cxd5 Rxd5+ 33. Kc4 Rgd6 34. Re7 Rd3 35. Re5 Rxg3 36. Rxf5 Rdd3 37. Rxc5 Rxa3 38. Ra5 Rxa1 39. Rxa1 Rg4 40. Rxa7 Rxf4+
41. Kd3 h5 42. Ra1 Kh7 43. Rh1 Kh6 44. Ke3 Rf7 45. Ke2 g5
0-1

[Event "Winter Tournament 2016/17 1500-2400"]
[Site "SchemingMind.com"]
[Date "2016.12.13"]
[Round "-"]
[White "Stephen Woodhouse"]
[Black "Supernova"]
[Result "1-0"]
[WhiteCountry "ENG"]
[BlackCountry "FRA"]
[WhiteElo "1890"]
[WhiteRD "50"]
[BlackElo "1709"]
[BlackRD "124"]
[GameID "407905"]

1. e4 c5 2. c3 Nc6 3. d4 cxd4 4. cxd4 e6 5. Nc3 d6 6. Nf3 g6 7. Bb5 Bg7 8. d5 Bxc3+ 9. bxc3 exd5 10. exd5 Qe7+
11. Be3 a6 12. dxc6 axb5 13. Qd5 Nf6 14. Qxb5 Qc7 15. cxb7+ Bd7 16. bxa8=Q+ Ke7 17. Qba5
1-0

[Event "Winter Tournament 2016/17 1500-2400"]
[Site "SchemingMind.com"]
[Date "2016.12.13"]
[Round "-"]
[White "Supernova"]
[Black "Stephen Woodhouse"]
[Result "0-1"]
[WhiteCountry "FRA"]
[BlackCountry "ENG"]
[WhiteElo "1595"]
[WhiteRD "110"]
[BlackElo "1925"]
[BlackRD "55"]
[GameID "407906"]

1. Nf3 e6 2. d4 f5 3. c4 Nf6 4. Nc3 Be7 5. Bf4 O-O 6. e3 b6 7. Bd3 Bb7 8. O-O Ne4 9. Rc1 d6 10. h3 Nd7
11. a3 Bf6 12. Bh2 Qe8 13. b4 a5 14. Re1 axb4 15. axb4 Nxc3 16. Rxc3 Qh5 17. Be2 Qg6 18. Rc1 e5 19. c5 bxc5 20. dxc5 e4
21. Nd4 Ne5 22. c6 Bc8 23. Bxe5 Bxe5 24. b5 f4 25. exf4 Bxh3 26. Bf1 Bxf4 27. Ra1 Bg4 28. Ne2 Rxa1 29. Qxa1 e3 30. Nxf4 exf2+
31. Kxf2 Rxf4+ 32. Kg1 h5 33. Qa2+ Kh7 34. Qb3 Qf7 35. Qxf7 Rxf7 36. Bd3+ g6 37. Rf1 Kg7 38. Rxf7+ Kxf7 39. b6 cxb6 40. c7 Bc8
41. Kf2 g5 42. Ke3 Ke6 43. Kd4 Kd7 44. Bg6 h4 45. Kc4 Kxc7 46. Be4 Bb7 47. Bxb7 Kxb7 48. Kd5 g4
0-1

[Event "Winter Tournament 2016/17 1500-2400"]
[Site "SchemingMind.com"]
[Date "2016.12.13"]
[Round "-"]
[White "greghghs"]
[Black "Supernova"]
[Result "1-0"]
[WhiteCountry "ENG"]
[BlackCountry "FRA"]
[WhiteElo "2176"]
[WhiteRD "60"]
[BlackElo "1622"]
[BlackRD "114"]
[GameID "407907"]

1. d4 e6 2. e4 d5 3. Nc3 dxe4 4. Nxe4 Be7 5. Nf3 Nf6 6. Nxf6+ Bxf6 7. Bd3 O-O 8. O-O b6 9. Be4 c6 10. Bf4 Bb7
11. Ne5 Re8 12. Bxh7+ Kxh7 13. Qh5+ Kg8 14. Qxf7+ Kh7 15. Qxb7 Bxe5 16. dxe5 Nd7 17. Qxc6 Qe7 18. Rad1 Rad8 19. Qf3 Rc8 20. Qh5+ Kg8
21. Bg5 g6 22. Qxg6+ Qg7 23. Qxg7+ Kxg7 24. Rxd7+ Kg6 25. Bf6 Ra8 26. Rg7+ Kf5 27. Rg5+ Ke4 28. Rd1 a5 29. Rg4+ Kf5 30. Rdd4 Rad8
31. Rdf4#
1-0

[Event "Winter Tournament 2016/17 1500-2400"]
[Site "SchemingMind.com"]
[Date "2016.12.13"]
[Round "-"]
[White "Supernova"]
[Black "greghghs"]
[Result "0-1"]
[WhiteCountry "FRA"]
[BlackCountry "ENG"]
[WhiteElo "1595"]
[WhiteRD "110"]
[BlackElo "2235"]
[BlackRD "60"]
[GameID "407908"]

1. e4 e5 2. Bc4 Nc6 3. Nf3 Nf6 4. d3 Be7 5. Be3 O-O 6. Nbd2 d5 7. Bb3 Bg4 8. Bg5 dxe4 9. Bxf6 exf3 10. Bxe7 fxg2
11. Rg1 Qd7 12. f3 Qxe7 13. Rxg2 Qh4+ 14. Rg3 Bf5 15. Qe2 Nd4 16. Qf2 Qf4 17. O-O-O a5 18. Bd5 a4 19. Be4 a3 20. Bxf5 axb2+
21. Kxb2 Nxf5 22. Rg4 Ne3 23. Rxf4 Nxd1+ 24. Kb3 Nxf2 25. Rh4 Ra6 26. Rh5 Rb6+ 27. Kc4 Ra8 28. Nb3 Rxa2 29. Kc3 Rc6+ 30. Kd2 Rcxc2+
31. Ke3 Re2#
0-1

[Event "Winter Tournament 2016/17 1500-2400"]
[Site "SchemingMind.com"]
[Date "2016.12.13"]
[Round "-"]
[White "Supernova"]
[Black "Janusz Szopa"]
[Result "0-1"]
[WhiteCountry "FRA"]
[BlackCountry "POL"]
[WhiteElo "1595"]
[WhiteRD "110"]
[BlackElo "2089"]
[BlackRD "80"]
[GameID "407909"]

1. Nf3 Nf6 2. g3 g6 3. Bg2 Bg7 4. d4 O-O 5. c4 d6 6. Nc3 Nbd7 7. O-O e5 8. dxe5 dxe5 9. Bg5 h6 10. Bd2 e4
11. Ne1 Qe7 12. Qc2 c6 13. Nxe4 Nxe4 14. Bxe4 Nc5 15. Bd3 Bg4 16. Nf3 Nxd3 17. Qxd3 Bxb2 18. Rae1 Rfd8 19. Qb3 Bg7 20. Kh1 Qe4
21. Bc1 Be6 22. Qxb7 Bh3 23. Rg1 g5 24. Qb3 g4 25. Bf4 gxf3 26. e3 Bg2+ 27. Rxg2 fxg2+ 28. Kg1 Rd7 29. Rd1 Rad8 30. Rxd7 Rxd7
31. Qb8+ Bf8 32. Qb3 Qf3
0-1

[Event "Winter Tournament 2016/17 1500-2400"]
[Site "SchemingMind.com"]
[Date "2016.12.13"]
[Round "-"]
[White "Janusz Szopa"]
[Black "Supernova"]
[Result "1-0"]
[WhiteCountry "POL"]
[BlackCountry "FRA"]
[WhiteElo "2064"]
[WhiteRD "83"]
[BlackElo "1622"]
[BlackRD "114"]
[GameID "407910"]

1. e4 c6 2. d4 d5 3. Nc3 e6 4. Nf3 Nd7 5. Bd3 Bd6 6. e5 Bb4 7. O-O Bxc3 8. bxc3 Ne7 9. c4 Ng6 10. cxd5 cxd5
11. Ng5 O-O 12. Qh5 h6 13. Nxe6 fxe6 14. Qxg6 Re8 15. Qh7+ Kf8 16. Bg6 Nf6 17. exf6 Qxf6 18. Ba3+ Re7 19. Qh8#
1-0

[Event "Winter Tournament 2016/17 1500-2400"]
[Site "SchemingMind.com"]
[Date "2016.12.21"]
[Round "-"]
[White "The Stonewall"]
[Black "Scooter"]
[Result "1-0"]
[WhiteCountry "ENG"]
[BlackCountry "USA"]
[WhiteElo "2300"]
[WhiteRD "83"]
[BlackElo "1738"]
[BlackRD "54"]
[GameID "408077"]

1. d4 Nf6 2. c4 d6 3. Nf3 Bf5 4. Nc3 Nbd7 5. Nh4 e6 6. Nxf5 exf5 7. g3 g6 8. Bg2 c6 9. O-O Bg7 10. Bf4 Qe7
11. d5 O-O 12. dxc6
1-0

[Event "Winter Tournament 2016/17 1500-2400"]
[Site "SchemingMind.com"]
[Date "2016.12.21"]
[Round "-"]
[White "The Stonewall"]
[Black "fanfan_la_Tulipe"]
[Result "1-0"]
[WhiteCountry "ENG"]
[BlackCountry "AUT"]
[WhiteElo "2300"]
[WhiteRD "78"]
[BlackElo "2049"]
[BlackRD "78"]
[GameID "408079"]

1. d4 Nf6 2. c4 g6 3. f3 Bg7 4. e4 d6 5. Be3 O-O 6. Ne2 c5 7. d5 e6 8. Nec3 exd5 9. cxd5 Na6 10. Qd2 Nc7
11. a4 Rb8 12. Na3 a6 13. Be2 Re8 14. O-O Qe7 15. Bh6 Qf8 16. Bxg7 Kxg7 17. a5 b5 18. axb6 Rxb6 19. Nc4 Rb4 20. Na2 Rb8
21. b4 Nd7 22. Rab1 Nb5 23. bxc5 Nxc5 24. Nb4 Bd7 25. Ra1 Nc7 26. Nd3 Nxd3 27. Bxd3 Bb5 28. Na5 Ra8 29. Rfc1 Qe7 30. Qc3+ Qf6
31. Qxf6+ Kxf6 32. Bxb5 Nxb5 33. Kf2 Rec8 34. Nc6 g5 35. Ke3 h5 36. g3 Re8 37. h4 gxh4 38. gxh4 Rg8 39. Rg1 Rg6 40. f4 Kg7
41. Rxg6+ fxg6 42. e5 Kf7 43. Rg1 Re8 44. Rg5 Nc7 45. Ke4 Nb5 46. e6+ Kf6 47. f5 gxf5+ 48. Rxf5+ Kg6 49. Rg5+ Kh6 50. Kd3 Nc7
51. Nd4
1-0

[Event "Winter Tournament 2016/17 1500-2400"]
[Site "SchemingMind.com"]
[Date "2016.12.21"]
[Round "-"]
[White "fanfan_la_Tulipe"]
[Black "The Stonewall"]
[Result "1/2-1/2"]
[WhiteCountry "AUT"]
[BlackCountry "ENG"]
[WhiteElo "2062"]
[WhiteRD "80"]
[BlackElo "2279"]
[BlackRD "80"]
[GameID "408080"]

1. Nf3 g6 2. c4 Bg7 3. d4 d6 4. g3 Nf6 5. Bg2 O-O 6. O-O c6 7. Nc3 Qa5 8. h3 e5 9. e4 Nbd7 10. Re1 exd4
11. Nxd4 Ne5 12. Bf1 Re8 13. Rb1 a6 14. b4 Qc7 15. f4 Ned7 16. Kh2 c5 17. Nc2 b5 18. bxc5 Nxc5 19. cxb5 Ng4+ 20. hxg4 Bxc3
21. Re3 Bg7 22. b6 Qd7 23. Bb2 Bxb2 24. Rxb2 Rb8 25. Bg2 Qd8 26. Na3 d5 27. Qd4 Nxe4 28. Bxe4 dxe4 29. Qxd8 Rxd8 30. Rxe4 Bxg4
31. Nc4 Rd1 32. Re3 Be6 33. Ne5 Rd6 34. b7 f6 35. Nd3 Bd5 36. Nc5 Rc6 37. Nd7 Rxb7 38. Rxb7 Rc2+ 39. Kh3 Bxb7 40. Nxf6+ Kg7
41. Re7+ Kxf6 42. Rxb7 Rxa2 43. Rxh7 a5 44. Kg4=
1/2-1/2

[Event "Winter Tournament 2016/17 1500-2400"]
[Site "SchemingMind.com"]
[Date "2016.12.21"]
[Round "-"]
[White "The Stonewall"]
[Black "fu_manchu"]
[Result "1-0"]
[WhiteCountry "ENG"]
[BlackCountry "CAN"]
[WhiteElo "2276"]
[WhiteRD "82"]
[BlackElo "1867"]
[BlackRD "69"]
[GameID "408081"]

1. d4 Nf6 2. Bg5 e6 3. e4 Be7 4. Nd2 b6 5. Bd3 Bb7 6. Ngf3 O-O 7. O-O d5 8. e5 Ne4 9. Bxe7 Qxe7 10. Re1 Nxd2
11. Qxd2 Nc6 12. c3 h6 13. Rad1 Na5 14. Bb1 g6 15. Qxh6 f6 16. Qxg6+ Qg7 17. Qh5 fxe5 18. Rxe5
1-0

[Event "Winter Tournament 2016/17 1500-2400"]
[Site "SchemingMind.com"]
[Date "2016.12.21"]
[Round "-"]
[White "fu_manchu"]
[Black "The Stonewall"]
[Result "0-1"]
[WhiteCountry "CAN"]
[BlackCountry "ENG"]
[WhiteElo "1874"]
[WhiteRD "68"]
[BlackElo "2279"]
[BlackRD "80"]
[GameID "408082"]

1. d4 e6 2. c4 f5 3. Nc3 Nf6 4. e3 Bb4 5. Bd3 Bxc3+ 6. bxc3 O-O 7. Nf3 b6 8. O-O Bb7 9. Ba3 d6 10. c5 Qd7
11. cxd6 cxd6 12. c4 Na6 13. Qe2 Nc7 14. c5 Bxf3 15. gxf3 Qa4 16. cxd6 Qxa3 17. dxc7 Rac8 18. Bc4 Qd6 19. Rac1 Ne8 20. Kh1 Nxc7
21. Qd2 g6 22. e4 Rcd8 23. Bb3 Rf7 24. exf5 Rxf5 25. Rxc7 Rh5 26. f4 Qxc7 27. Bxe6+ Kh8 28. d5 Rh4 29. Qd4+ Qg7 30. Rd1 Qxd4
31. Rxd4 Rf8
0-1

[Event "Winter Tournament 2016/17 1500-2400"]
[Site "SchemingMind.com"]
[Date "2016.12.21"]
[Round "-"]
[White "The Stonewall"]
[Black "Stephen Woodhouse"]
[Result "1-0"]
[WhiteCountry "ENG"]
[BlackCountry "ENG"]
[WhiteElo "2300"]
[WhiteRD "83"]
[BlackElo "1890"]
[BlackRD "50"]
[GameID "408083"]

1. d4 e6 2. e4 d5 3. Bd3 dxe4 4. Bxe4 Nf6 5. Bf3 c5 6. Ne2 Nc6 7. Be3 e5 8. Bxc6+ bxc6 9. dxe5 Nd5 10. Nbc3 Nxe3
11. Qxd8+ Kxd8 12. fxe3 Bf5 13. O-O-O+ Kc7 14. Rhf1 Bg6 15. Nf4 Bf5 16. Nfd5+ cxd5 17. Nxd5+ Kc6 18. Rxf5
1-0

[Event "Winter Tournament 2016/17 1500-2400"]
[Site "SchemingMind.com"]
[Date "2016.12.21"]
[Round "-"]
[White "Stephen Woodhouse"]
[Black "The Stonewall"]
[Result "0-1"]
[WhiteCountry "ENG"]
[BlackCountry "ENG"]
[WhiteElo "1890"]
[WhiteRD "50"]
[BlackElo "2300"]
[BlackRD "83"]
[GameID "408084"]

1. e4 d5 2. exd5 Nf6 3. c4 e6 4. dxe6 Bxe6 5. Nf3 Qe7 6. Qe2 Nc6 7. d4 Bf5 8. Bd2 O-O-O 9. Qxe7 Bxe7 10. d5 Nb4
11. Nd4 Nd3+ 12. Bxd3 Bxd3 13. b3 Rhe8 14. Be3 Ne4 15. Nd2 Bb4
0-1

[Event "Winter Tournament 2016/17 1500-2400"]
[Site "SchemingMind.com"]
[Date "2016.12.21"]
[Round "-"]
[White "The Stonewall"]
[Black "greghghs"]
[Result "1/2-1/2"]
[WhiteCountry "ENG"]
[BlackCountry "ENG"]
[WhiteElo "2276"]
[WhiteRD "82"]
[BlackElo "2176"]
[BlackRD "60"]
[GameID "408085"]

1. e4 c5 2. Nc3 g6 3. Nge2 Bg7 4. g3 Nc6 5. Bg2 Rb8 6. a4 a6 7. Nd5 e6 8. Ne3 Nge7 9. O-O d5 10. exd5 exd5
11. d3 O-O 12. Re1 Re8 13. c3 b6 14. Nc2 Bf5 15. Ne3 Bc8 16. Nc2 Bf5=
1/2-1/2

[Event "Winter Tournament 2016/17 1500-2400"]
[Site "SchemingMind.com"]
[Date "2016.12.21"]
[Round "-"]
[White "greghghs"]
[Black "The Stonewall"]
[Result "1/2-1/2"]
[WhiteCountry "ENG"]
[BlackCountry "ENG"]
[WhiteElo "2176"]
[WhiteRD "60"]
[BlackElo "2276"]
[BlackRD "82"]
[GameID "408086"]

1. d4 d5 2. c4 e6 3. Nc3 c6 4. e3 Nf6 5. Nf3 Nbd7 6. Qc2 Bd6 7. Bd3 O-O 8. O-O dxc4 9. Bxc4 b5 10. Be2 Bb7
11. Rd1 Qc7 12. Bd2 Rfe8 13. Rac1 a6 14. e4 e5 15. Nd5 Nxd5 16. exd5 exd4 17. dxc6 Rxe2 18. cxb7 Qxb7 19. Nxd4 Ree8 20. Qc6 Qxc6
21. Nxc6 Ne5 22. Be3=
1/2-1/2

[Event "Winter Tournament 2016/17 1500-2400"]
[Site "SchemingMind.com"]
[Date "2016.12.21"]
[Round "-"]
[White "The Stonewall"]
[Black "Supernova"]
[Result "1-0"]
[WhiteCountry "ENG"]
[BlackCountry "FRA"]
[WhiteElo "2279"]
[WhiteRD "80"]
[BlackElo "1595"]
[BlackRD "110"]
[GameID "408087"]

1. d4 c6 2. c4 d5 3. e3 Nf6 4. Bd3 Bg4 5. Ne2 e6 6. Nbc3 Nbd7 7. O-O Bb4 8. f3 Bf5 9. Bxf5 exf5 10. cxd5 Nxd5
11. Nxd5 cxd5 12. Qb3 Qa5 13. a3 Be7 14. Qxb7 Rd8 15. b4 Qb6 16. Qxd5 Qf6 17. Bd2 O-O 18. Rac1 Nb6 19. Qb3 Rfe8 20. Rc7 Nc8
21. Rfc1 Qh6 22. R1c6 g6 23. Nc3 Bd6 24. Qxf7+ Kh8 25. Qf6+ Kg8 26. Rxd6 Nxd6 27. Nd5 Qf8 28. Qh4 h5 29. Nf6+
1-0

[Event "Winter Tournament 2016/17 1500-2400"]
[Site "SchemingMind.com"]
[Date "2016.12.21"]
[Round "-"]
[White "Supernova"]
[Black "The Stonewall"]
[Result "0-1"]
[WhiteCountry "FRA"]
[BlackCountry "ENG"]
[WhiteElo "1595"]
[WhiteRD "110"]
[BlackElo "2279"]
[BlackRD "80"]
[GameID "408088"]

1. e4 e6 2. d4 d5 3. Nc3 Nf6 4. e5 Nfd7 5. f4 c5 6. Nf3 Nc6 7. Bb5 Qb6 8. Bxc6 bxc6 9. O-O cxd4 10. Nxd4 c5
11. Nde2 Be7 12. Kh1 O-O 13. Ng3 Ba6 14. Rf3 Rab8 15. b3 Qc6 16. Bb2 f6 17. Na4 fxe5 18. Bxe5 Nxe5 19. fxe5 Qc7 20. Re3 Bg5
21. Re1 Bf4 22. Qg4 Rbe8 23. Nh5 Bxe5 24. Rad1 c4 25. Ng3 Bb5 26. Re3 cxb3 27. cxb3 Rf2 28. Rde1 Rxa2 29. Qg5 Bf4 30. Qh4 Bxe3
0-1

[Event "Winter Tournament 2016/17 1500-2400"]
[Site "SchemingMind.com"]
[Date "2016.12.21"]
[Round "-"]
[White "The Stonewall"]
[Black "Janusz Szopa"]
[Result "1/2-1/2"]
[WhiteCountry "ENG"]
[BlackCountry "POL"]
[WhiteElo "2279"]
[WhiteRD "80"]
[BlackElo "2089"]
[BlackRD "80"]
[GameID "408089"]

1. d4 Nf6 2. Bg5 g6 3. Bxf6 exf6 4. e3 Bg7 5. g3 O-O 6. Bg2 d5 7. Ne2 c6 8. Nd2 Bg4 9. O-O Nd7 10. c4 dxc4
11. Nxc4 Bh6 12. Qc2 Nb6 13. Rac1 Re8 14. b3 Bf5 15. Qd2 Nd5 16. Nc3 Bf8 17. Qb2 Rc8 18. Rfd1 a5 19. Nxd5 cxd5 20. Na3 Qd7
21. Nb1 Bg4 22. Rxc8 Rxc8 23. Rc1 Rxc1+ 24. Qxc1 Be6 25. Nc3 Qc6 26. e4 Bb4 27. exd5 Qxc3 28. Qxc3 Bxc3 29. dxe6 fxe6 30. Bxb7 Bxd4
31. Kf1=
1/2-1/2

[Event "Winter Tournament 2016/17 1500-2400"]
[Site "SchemingMind.com"]
[Date "2016.12.21"]
[Round "-"]
[White "Janusz Szopa"]
[Black "The Stonewall"]
[Result "0-1"]
[WhiteCountry "POL"]
[BlackCountry "ENG"]
[WhiteElo "2124"]
[WhiteRD "80"]
[BlackElo "2300"]
[BlackRD "78"]
[GameID "408090"]

1. e4 e6 2. d4 d5 3. Nc3 Nf6 4. Bg5 Bb4 5. e5 h6 6. Bd2 Bxc3 7. bxc3 Ne4 8. Qg4 Kf8 9. h4 c5 10. Bd3 Nxd2
11. Kxd2 c4 12. Be2 b5 13. Qf4 Bd7 14. Ke1 Nc6 15. Bh5 Qe7 16. g3 Kg8 17. Ne2 g6 18. Bf3 Kg7 19. Kf1 f6 20. exf6+ Qxf6
21. Rb1 Qxf4 22. Nxf4 g5 23. Ne2 Ne7 24. Ng1 Nf5 25. hxg5 hxg5 26. Rxh8 Rxh8 27. a4 Nd6 28. axb5 Nxb5 29. Bg2 a5 30. Nf3 a4
31. Ne5 Be8 32. Rb4 a3 33. Ra4 Bg6 34. Ra5 Bxc2 35. Ke1 Rb8 36. Nc6 Nxc3 37. Ra7+ Kh6 38. Kd2 Ba4 39. Kxc3 Rb3+ 40. Kc2 Bxc6
41. Re7 Ba4 42. Rxe6+ Kh5
0-1

[Event "Winter Tournament 2016/17 1500-2400"]
[Site "SchemingMind.com"]
[Date "2016.12.22"]
[Round "-"]
[White "The Stonewall"]
[Black "David Perna-Fraser"]
[Result "1-0"]
[WhiteCountry "ENG"]
[BlackCountry "CAN"]
[WhiteElo "2300"]
[WhiteRD "78"]
[BlackElo "2290"]
[BlackRD "74"]
[GameID "408126"]

1. d4 Nf6 2. Nf3 e6 3. g3 b6 4. Bg2 Bb7 5. c4 Bb4+ 6. Nbd2 O-O 7. O-O d6 8. Nb3 Nbd7 9. a3 Ba5 10. Nxa5 bxa5
11. Bd2 Ne4 12. Bxa5 Rb8 13. Rc1 Ndf6 14. Ne1 e5 15. f3 Ng5 16. dxe5 dxe5 17. Qxd8 Rbxd8 18. Bxc7 Rd2 19. Rc2 Rxc2 20. Nxc2 Rc8
21. Bxe5 Rxc4 22. Ne3 Rc8 23. Bxf6 gxf6 24. Rd1 Ba6 25. Rd7 Bxe2 26. f4 Ne6 27. Kf2 Bb5 28. Rxa7 Rd8 29. a4 Rd2+ 30. Kg1 Be2
31. Ra8+ Kg7 32. Nf5+ Kg6 33. Be4 Kh5 34. Rg8 Rxb2 35. h3 Ng5 36. Ng7+ Kh6 37. fxg5+ fxg5 38. g4
1-0

[Event "Winter Tournament 2016/17 1500-2400"]
[Site "SchemingMind.com"]
[Date "2016.12.22"]
[Round "-"]
[White "David Perna-Fraser"]
[Black "The Stonewall"]
[Result "0-1"]
[WhiteCountry "CAN"]
[BlackCountry "ENG"]
[WhiteElo "2306"]
[WhiteRD "77"]
[BlackElo "2279"]
[BlackRD "80"]
[GameID "408127"]

1. e4 c6 2. d4 d5 3. Nc3 dxe4 4. Nxe4 Bf5 5. Ng3 Bg6 6. h4 h6 7. h5 Bh7 8. Nf3 Nd7 9. Bd3 Bxd3 10. Qxd3 e6
11. Bd2 Ngf6 12. O-O-O Be7 13. Ne4 Nxe4 14. Qxe4 Nf6 15. Qe2 Qd5 16. c4 Qe4 17. Qxe4 Nxe4 18. Be3 f5 19. Kc2 f4 20. Bxf4 Nxf2
21. Rhf1 Nxd1 22. Rxd1 O-O 23. g3 Rad8 24. Ne5 Bf6 25. Ng6 Rf7 26. Be5 Bxe5 27. Nxe5 Rf2+ 28. Kb3 Re2 29. Ng6 Re3+
0-1

[Event "Winter Tournament 2016/17 1500-2400"]
[Site "SchemingMind.com"]
[Date "2016.12.17"]
[Round "-"]
[White "Scooter"]
[Black "David Perna-Fraser"]
[Result "0-1"]
[WhiteCountry "USA"]
[BlackCountry "CAN"]
[WhiteElo "1738"]
[WhiteRD "54"]
[BlackElo "2323"]
[BlackRD "72"]
[GameID "408128"]

1. d4 Nf6 2. Bf4 e6 3. Nf3 b6 4. e3 Bb7 5. Nbd2 Be7 6. Be2 d6 7. O-O O-O 8. Re1 Nh5 9. c4 c5 10. dxc5 bxc5
11. b3 e5 12. Bg3 Nxg3 13. fxg3 f5 14. e4 fxe4 15. Nh4 e3 16. Nf1 Bxh4 17. gxh4 Qxh4 18. g3 Qe4
0-1

[Event "Winter Tournament 2016/17 1500-2400"]
[Site "SchemingMind.com"]
[Date "2016.12.17"]
[Round "-"]
[White "David Perna-Fraser"]
[Black "Scooter"]
[Result "1-0"]
[WhiteCountry "CAN"]
[BlackCountry "USA"]
[WhiteElo "2323"]
[WhiteRD "72"]
[BlackElo "1738"]
[BlackRD "54"]
[GameID "408129"]

1. e4 c6 2. d4 d5 3. Nc3 dxe4 4. Nxe4 Bf5 5. Ng3 Bg6 6. h4 h6 7. h5 Bh7 8. Bd3 Bxd3 9. Qxd3 Qc7 10. Nf3 Nd7
11. Bd2 Ngf6 12. O-O-O O-O-O 13. Rhe1 e6 14. Qe2 Bd6 15. Ne5 Rhf8 16. Kb1 Bxe5 17. dxe5 Nd5 18. c4 Ne7 19. Ne4 Qxe5 20. Bb4 c5
21. Nd6+
1-0